[Event "2nd Gideon Japhet Mem Op"]
[Site "Jerusalem ISR"]
[Date "2014.07.23"]
[Round "8.20"]
[White "Poleg, Dan"]
[Black "Iskhakabeev, Alon"]
[Result "1-0"]
[WhiteElo "1999"]
[BlackElo "2008"]
[WhiteFideId "2812398"]
[BlackFideId "2811901"]
[EventDate "2014.07.16"]

1. d4 d5 2. c4 c6 3. Nf3 Nf6 4. e3 e6 5. Bd3 Nbd7 6. Nc3 dxc4 7. Bxc4 b5 8. Bd3
a6 9. O-O c5 10. Qe2 Bb7 11. a3 Be7 12. Rd1 Qb6 13. Bc2 O-O 14. e4 cxd4 15. Nxd4
Qc7 16. Bd2 Rfd8 17. Be1 Ne5 18. f3 Nc4 19. Bb3 Bd6 20. g3 h5 21. Kg2 Na5 22.
Ba2 Be5 23. Bf2 Nc6 24. Nxc6 Bxc6 25. Rac1 Qb7 26. Bc5 h4 27. Qe3 hxg3 28. hxg3
Nd7 29. Be7 Re8 30. Bd6 Bxd6 31. Rxd6 Rad8 32. Rcd1 Qc7 33. Qf4 Qb6 34. Qd2 Qc7
35. Ne2 Bd5 36. exd5 Qxd6 37. dxe6 Qxd2 38. exf7+ Kh7 39. fxe8=Q 1-0

[Event "2nd Gideon Japhet Mem Op"]
[Site "Jerusalem ISR"]
[Date "2014.07.24"]
[Round "9.1"]
[White "Kaspi, Alexander"]
[Black "Battaglini, Gabriel"]
[Result "1-0"]
[WhiteTitle "IM"]
[BlackTitle "IM"]
[WhiteElo "2438"]
[BlackElo "2430"]
[WhiteFideId "2802910"]
[BlackFideId "621650"]
[EventDate "2014.07.16"]

1. d4 Nf6 2. c4 c5 3. d5 b5 4. cxb5 a6 5. b6 d6 6. Nc3 Nbd7 7. Nf3 g6 8. e4 Bg7
9. a4 Qxb6 10. a5 Qa7 11. Be2 O-O 12. O-O Rb8 13. Qc2 Ne8 14. Bg5 Ne5 15. Nxe5
Bxe5 16. Bh6 Ng7 17. Na4 f5 18. Nb6 fxe4 19. Ra4 Rf7 20. g4 Bd4 21. Nxc8 Rxc8
22. Rxd4 cxd4 23. Qxc8+ Rf8 24. Qxa6 Qd7 25. Qc6 Qd8 26. Qb6 Qxb6 27. axb6 Rb8
28. Bc4 Rxb6 29. b3 Ne8 30. Re1 Nf6 31. g5 Nd7 32. Rxe4 d3 33. Kf1 Kf7 34. Ke1
Nc5 35. Rf4+ Ke8 36. Kd2 Kd7 37. Bg7 Nxb3+ 38. Bxb3 Rxb3 39. Rf3 Rb4 40. h3 Rb5
41. Rxd3 Ke8 42. Ke3 e6 43. dxe6 Rxg5 44. Rxd6 Ke7 45. Ra6 Rh5 46. Bb2 Rxh3+ 47.
f3 Rh5 48. Ba3+ Kf6 49. e7+ Kf7 50. Ra8 Re5+ 51. Kf2 1-0

[Event "2nd Gideon Japhet Mem Op"]
[Site "Jerusalem ISR"]
[Date "2014.07.24"]
[Round "9.2"]
[White "Reshef, Omer"]
[Black "Huzman, Alexander"]
[Result "1/2-1/2"]
[BlackTitle "GM"]
[WhiteElo "2275"]
[BlackElo "2589"]
[WhiteFideId "2804336"]
[BlackFideId "2803828"]
[EventDate "2014.07.16"]

1. e4 c5 2. Nf3 d6 3. d4 cxd4 4. Nxd4 Nf6 5. Nc3 a6 6. Be3 e6 7. f4 b5 8. Qf3
Bb7 9. Bd3 Nbd7 10. g4 Nc5 11. g5 b4 12. gxf6 bxc3 13. fxg7 Bxg7 14. bxc3 Qc7
15. O-O Rg8 16. Kh1 O-O-O 17. Nb3 f5 18. Nxc5 dxc5 19. Rab1 c4 20. Rxb7 Qxb7 21.
Bxc4 Qc6 22. Bd3 Kc7 23. e5 Bf8 24. Qxc6+ Kxc6 25. Bc4 Rg6 26. Bb3 Be7 27. Rb1
Rb8 28. Ba4+ Kc7 29. Rd1 Rd8 30. Rb1 Rb8 31. Rd1 Rd8 1/2-1/2

[Event "2nd Gideon Japhet Mem Op"]
[Site "Jerusalem ISR"]
[Date "2014.07.24"]
[Round "9.3"]
[White "Kobo, Ori"]
[Black "Gruenfeld, Yehuda"]
[Result "1-0"]
[WhiteTitle "FM"]
[BlackTitle "GM"]
[WhiteElo "2308"]
[BlackElo "2449"]
[WhiteFideId "2812320"]
[BlackFideId "2800020"]
[EventDate "2014.07.16"]

1. d4 Nf6 2. c4 g6 3. Nc3 Bg7 4. Nf3 O-O 5. g3 d6 6. Bg2 Nc6 7. O-O a6 8. Bf4
Nh5 9. Bg5 h6 10. Be3 e6 11. Qd2 Kh7 12. Rac1 Ne7 13. g4 Nf6 14. g5 Ng4 15. gxh6
Bxh6 16. Bxh6 Nxh6 17. e4 Kg7 18. Rfd1 c6 19. d5 cxd5 20. exd5 e5 21. Nxe5 dxe5
22. d6 Nef5 23. d7 Nd4 24. dxc8=Q Rxc8 25. Ne2 Nhf5 26. Nxd4 Nxd4 27. Bxb7 Rb8
28. Bg2 Rh8 29. c5 Qh4 30. h3 Rh5 31. Rc3 Rg5 32. f4 Qxf4 33. Qxf4 Ne2+ 34. Kf1
Nxf4 35. Rd2 e4 36. Bxe4 Nxh3 37. Rxh3 Rxc5 38. b3 a5 39. a4 Rb4 40. Bd5 Rf4+
41. Ke2 f5 42. Bc4 Rc7 43. Rd5 Ra7 44. Re3 Rg4 45. Re6 Ra8 46. Ree5 Rh8 47. Rxa5
Rh2+ 48. Kd3 Rg3+ 49. Kd4 Rh4+ 50. Kd5 f4 51. Ra7+ Kh6 52. Rf7 1-0

[Event "2nd Gideon Japhet Mem Op"]
[Site "Jerusalem ISR"]
[Date "2014.07.24"]
[Round "9.4"]
[White "Alexikov, Alexander"]
[Black "Aharon, Ofir"]
[Result "1-0"]
[WhiteTitle "IM"]
[BlackTitle "FM"]
[WhiteElo "2380"]
[BlackElo "2367"]
[WhiteFideId "14103958"]
[BlackFideId "2800683"]
[EventDate "2014.07.16"]

1. e4 c5 2. Nf3 Nc6 3. Nc3 g6 4. d4 cxd4 5. Nxd4 Bg7 6. Be3 Nf6 7. Be2 O-O 8.
O-O d5 9. exd5 Nxd5 10. Nxd5 Nxd4 11. Bc4 e5 12. c3 Be6 13. cxd4 Bxd5 14. Bxd5
Qxd5 15. dxe5 Qxe5 16. a4 Rfd8 17. Qf3 Qd5 18. Qxd5 Rxd5 19. Rad1 Rad8 20. Rxd5
Rxd5 21. g4 h5 22. h3 hxg4 23. hxg4 a5 24. Rb1 Re5 25. b3 Re4 26. g5 Bd4 27. Bd2
b6 28. Kf1 Bc5 29. Rc1 Re5 30. Rc4 Rd5 31. Rc2 Kf8 32. Ke2 Ke7 33. f4 Ke6 34.
Be3 Kd6 35. Rc3 Bd4 36. Rc8 Bxe3 37. Kxe3 Kd7 38. Ke4 Rd1 39. Rb8 Re1+ 40. Kd5
Kc7 41. Ra8 Re3 42. Ra7+ Kd8 43. Rxf7 Rxb3 44. Rf6 Rb4 45. Ke5 b5 46. Rxg6 bxa4
47. Rd6+ Kc7 48. Rd5 Kb6 49. g6 a3 50. Rd3 a2 51. Ra3 Rb2 52. g7 Rg2 53. Kf6 Kb5
54. f5 a4 55. Rxa2 Rxa2 56. g8=Q Rc2 57. Ke5 Kb4 58. Qb8+ Kc3 59. Qa7 Re2+ 60.
Kf4 Kb3 61. Qb6+ Ka2 62. Qb5 Rf2+ 63. Ke3 Rxf5 64. Qxa4+ Kb2 65. Qb4+ Kc1 66.
Qd2+ 1-0

[Event "2nd Gideon Japhet Mem Op"]
[Site "Jerusalem ISR"]
[Date "2014.07.24"]
[Round "9.5"]
[White "Axelrod, Arie"]
[Black "Soffer, Ram"]
[Result "0-1"]
[WhiteTitle "FM"]
[BlackTitle "GM"]
[WhiteElo "2285"]
[BlackElo "2447"]
[WhiteFideId "2804867"]
[BlackFideId "2800101"]
[EventDate "2014.07.16"]

1. e4 c5 2. Nf3 e6 3. d4 cxd4 4. Nxd4 Nc6 5. Nc3 Qc7 6. Be3 a6 7. Qd2 Nf6 8.
O-O-O Be7 9. f3 b5 10. g4 Nxd4 11. Qxd4 Bb7 12. g5 Nh5 13. Ne2 Rc8 14. Qd2 d5
15. e5 Qxe5 16. Nd4 h6 17. f4 Qd6 18. Bh3 g6 19. Rhe1 hxg5 20. fxg5 Rc4 21. Nf3
O-O 22. Bd4 Rfc8 23. c3 b4 24. Kb1 bxc3 25. bxc3 Qa3 26. Bg4 Ng7 27. Ka1 Bc5 28.
Rb1 Bxd4 29. Nxd4 Rxc3 30. Rxb7 Rd3 31. Nc2 Qxa2+ 32. Kxa2 Rxd2 33. Bd1 Nf5 34.
Rb2 Rxh2 35. Ne3 Rxb2+ 36. Kxb2 Rb8+ 37. Kc2 Nxe3+ 38. Rxe3 Rb5 39. Kd3 a5 40.
Kd4 Kg7 41. Rg3 Rb1 42. Bc2 Re1 43. Rg4 Kf8 44. Kc5 Ke7 45. Kb5 e5 46. Kxa5 e4
47. Kb4 Ke6 48. Kc3 Ke5 49. Rg2 Rf1 50. Kd2 Rf3 51. Bd1 Ra3 52. Ke1 d4 53. Rf2
d3 54. Rxf7 Kd4 55. Rd7+ Ke3 56. Rh7 Ra2 57. Rh3+ Kd4 58. Rh4 Ke5 59. Rh3 Rg2
60. Rh8 Kd4 61. Rh4 Rxg5 62. Rg4 Rxg4 63. Bxg4 Ke3 64. Bd1 g5 65. Bg4 Kf4 66.
Bd7 g4 67. Kd2 g3 0-1

[Event "2nd Gideon Japhet Mem Op"]
[Site "Jerusalem ISR"]
[Date "2014.07.24"]
[Round "9.6"]
[White "Zanan, Evgeny"]
[Black "Haimovich, Tal"]
[Result "0-1"]
[WhiteTitle "FM"]
[BlackTitle "IM"]
[WhiteElo "2283"]
[BlackElo "2369"]
[WhiteFideId "24101940"]
[BlackFideId "2801698"]
[EventDate "2014.07.16"]

1. Nf3 Nf6 2. c4 e6 3. g3 d5 4. d4 Bb4+ 5. Bd2 Bd6 6. Bg2 c6 7. Qc2 Nbd7 8. O-O
O-O 9. Rd1 Qe7 10. Nc3 dxc4 11. Bg5 h6 12. Bxf6 Nxf6 13. Ne5 Bxe5 14. dxe5 Nd7
15. f4 Nc5 16. Rd4 Rd8 17. Qd2 Rxd4 18. Qxd4 Bd7 19. Rd1 Be8 20. Qxc4 Rc8 21. b4
Na6 22. a3 Rd8 23. Rd3 b5 24. Qe4 c5 25. Rxd8 Qxd8 26. Bf3 cxb4 27. axb4 Qd2 28.
Qb7 Qxc3 29. Qxa6 Qxb4 30. Qxa7 Qa4 31. Qb8 b4 32. Be4 b3 33. Bd3 g6 34. Kf2 Kg7
35. Ke3 Bc6 36. Qd8 b2 37. Qf6+ Kg8 38. Qd8+ Kg7 39. Qf6+ Kg8 40. Qd8+ Kh7 41.
Qe7 Be8 42. g4 Qc6 43. f5 exf5 44. gxf5 gxf5 45. Bxf5+ Kg7 46. Qb4 Qc1+ 47. Kf2
Qg5 48. Bd3 Qxe5 49. Qg4+ Kh8 50. Qh4 h5 51. Qb4 Kg7 52. Ke1 Bd7 53. Kd1 Bg4 54.
Kd2 Kg8 55. h4 Kg7 56. Kd1 Qf6 57. Kc2 Qxh4 58. Qxb2+ Qf6 59. Qb4 Bf5 60. Qc5
Bxd3+ 61. Kxd3 Qg6+ 62. Kd2 h4 63. Qd4+ Qf6 64. Qg4+ Kh6 65. Qc8 Qd4+ 66. Ke1
Qg1+ 67. Kd2 Qg5+ 68. Ke1 Qg3+ 69. Kf1 Kg7 70. Qc5 Qf4+ 71. Kg2 Qg4+ 72. Kf1 h3
73. Qg1 f5 74. Qh2 Kg6 75. Qd6+ Kh5 76. Qf6 Qf4+ 77. Ke1 Qh4+ 78. Qxh4+ Kxh4 79.
Kf2 Kg4 80. e3 h2 0-1

[Event "2nd Gideon Japhet Mem Op"]
[Site "Jerusalem ISR"]
[Date "2014.07.24"]
[Round "9.7"]
[White "Zaltz, Dov"]
[Black "Gindi, Shachar"]
[Result "0-1"]
[WhiteElo "2254"]
[BlackElo "2319"]
[WhiteFideId "2800578"]
[BlackFideId "2804182"]
[EventDate "2014.07.16"]

1. e4 c5 2. Nf3 d6 3. d4 cxd4 4. Nxd4 Nf6 5. Nc3 Nc6 6. f3 e5 7. Nb3 Be7 8. Be3
O-O 9. Be2 a5 10. a3 a4 11. Nd2 Nd4 12. Nc4 b5 13. Nd2 d5 14. Bxd4 exd4 15. Nxd5
Nxd5 16. exd5 Bh4+ 17. g3 Bg5 18. h4 Be3 19. Kf1 Qxd5 20. Kg2 Bb7 21. Bd3 f5 22.
Nf1 Rae8 23. Nh2 Re6 24. Re1 f4 25. g4 Rh6 26. h5 Qg5 27. Kh1 g6 28. Qe2 gxh5
29. gxh5 Qxh5 30. Rf1 Kh8 31. Be4 Bxe4 0-1

[Event "2nd Gideon Japhet Mem Op"]
[Site "Jerusalem ISR"]
[Date "2014.07.24"]
[Round "9.8"]
[White "Bakalchuk, Johnatan"]
[Black "Malisov, Boris"]
[Result "1-0"]
[WhiteElo "2273"]
[BlackElo "2264"]
[WhiteFideId "2810301"]
[BlackFideId "2802503"]
[EventDate "2014.07.16"]

1. e4 g6 2. d4 Bg7 3. Nf3 c5 4. Nc3 Qa5 5. Bd2 cxd4 6. Nd5 Qd8 7. Bf4 d6 8. Nxd4
Nc6 9. Nb5 Rb8 10. Qd2 Bxb2 11. Rb1 Bg7 12. Be3 b6 13. Bc4 Nf6 14. Nbc7+ Kf8 15.
Nxf6 Bxf6 16. Nd5 Bg7 17. O-O Ne5 18. Be2 Bb7 19. f4 Nd7 20. f5 Rc8 21. fxg6
hxg6 22. Bg4 Bxd5 23. Qxd5 Nf6 24. Qb3 Rc7 25. Rbd1 Qe8 26. Be2 Rh4 27. Bf4 Nxe4
28. Bb5 Nc5 29. Qd5 Rh5 30. Bg5 Rxg5 31. Rxf7+ Kg8 32. Rxe7+ Kh7 33. Rxe8 Rxd5
34. Rxd5 Be5 35. Rexe5 dxe5 36. Rxe5 Kg7 37. Re3 Kf6 38. Kf2 Ne6 39. Bd3 Nd4 40.
Rg3 g5 41. c4 Rc5 42. Ke3 Nf5+ 43. Bxf5 Kxf5 44. Kd4 Ra5 45. a3 Ra4 46. h3 b5
47. Rf3+ Ke6 48. Kc5 a6 49. cxb5 axb5 50. Kxb5 Ra8 51. a4 Rb8+ 52. Kc6 Rc8+ 53.
Kb7 Rc4 54. a5 g4 55. Rb3 gxh3 56. gxh3 Kd5 1-0

[Event "2nd Gideon Japhet Mem Op"]
[Site "Jerusalem ISR"]
[Date "2014.07.24"]
[Round "9.9"]
[White "Gershkowich, David"]
[Black "Zisman, Philip"]
[Result "1-0"]
[WhiteTitle "FM"]
[WhiteElo "2146"]
[BlackElo "2232"]
[WhiteFideId "2803356"]
[BlackFideId "2805197"]
[EventDate "2014.07.16"]

1. e4 c5 2. f4 d5 3. exd5 Qxd5 4. Nc3 Qd8 5. Nf3 Nf6 6. Ne5 a6 7. Bc4 e6 8. a4
Nbd7 9. Qe2 Nxe5 10. fxe5 Nd7 11. O-O Qc7 12. Re1 Be7 13. d3 O-O 14. Bf4 b6 15.
Qg4 g6 16. Ne4 Bb7 17. Bxe6 fxe6 18. Qxe6+ Rf7 19. Qxf7+ 1-0

[Event "2nd Gideon Japhet Mem Op"]
[Site "Jerusalem ISR"]
[Date "2014.07.24"]
[Round "9.10"]
[White "Gamayev, Oleg"]
[Black "Birnboim, Nathan"]
[Result "0-1"]
[BlackTitle "IM"]
[WhiteElo "2181"]
[BlackElo "2335"]
[WhiteFideId "2802813"]
[BlackFideId "2800209"]
[EventDate "2014.07.16"]

1. d3 d5 2. e4 dxe4 3. dxe4 Qxd1+ 4. Kxd1 e5 5. Nf3 Nf6 6. Bd3 Nbd7 7. Nbd2 Bc5
8. Ke2 O-O 9. Nb3 Bb6 10. a4 Nc5 11. Nxc5 Bxc5 12. Nd2 a5 13. f3 Re8 14. Bc4 Nh5
15. g3 Bh3 16. Nb3 Bb6 17. Rd1 h6 18. Bd2 g5 19. Ke1 g4 20. Bf1 Bxf1 21. Kxf1
gxf3 22. Re1 Rad8 23. Be3 f5 24. Bxb6 cxb6 25. exf5 Nf6 26. Kf2 e4 27. h3 Rd5
28. g4 Rc8 29. c3 b5 30. Red1 Rxd1 31. Rxd1 bxa4 32. Nd4 a3 33. Nb5 axb2 34. Rb1
Nd5 35. Rxb2 Nf4 36. Ke3 Ne2 37. h4 Rc5 38. Nd6 Rxc3+ 39. Kf2 e3+ 40. Kxf3 Nd4+
41. Kg2 e2 42. Rxb7 e1=Q 43. Rb8+ Kg7 44. Rb7+ Kf8 45. Rb8+ Ke7 46. Re8+ Kxd6
47. Rxe1 a4 48. f6 Nf3 49. Re4 Nxh4+ 50. Kf2 a3 51. Ra4 Ke6 52. Ra5 Ng6 53. g5
hxg5 54. Rxg5 Kxf6 55. Ra5 Ne5 56. Ke2 Nc4 57. Ra7 Ke6 58. Kd1 Kd6 59. Ra8 Kc7
60. Ke2 Kb7 61. Ra4 Rc1 62. Kf3 Kb6 63. Ke4 Kb5 64. Ra8 Na5 65. Rb8+ Kc5 0-1

[Event "2nd Gideon Japhet Mem Op"]
[Site "Jerusalem ISR"]
[Date "2014.07.24"]
[Round "9.11"]
[White "Mindlin, Alon"]
[Black "Shohat, Yotam"]
[Result "1-0"]
[WhiteElo "2280"]
[BlackElo "1880"]
[WhiteFideId "2800071"]
[BlackFideId "2813955"]
[EventDate "2014.07.16"]

1. d4 Nf6 2. c4 g6 3. Nc3 Bg7 4. e4 d6 5. f3 O-O 6. Be3 Nc6 7. Nge2 a6 8. Nc1
Nd7 9. Nb3 e5 10. d5 Ne7 11. Qd2 f5 12. Bd3 f4 13. Bf2 Nf6 14. c5 g5 15. h3 Bd7
16. Na5 Rb8 17. b4 dxc5 18. bxc5 c6 19. Nb3 cxd5 20. exd5 Nfxd5 21. Nxd5 Nxd5
22. Bxa6 Be6 23. Bc4 e4 24. Bd4 e3 25. Qb2 Bxd4 26. Qxd4 Nc7 27. Bxe6+ Nxe6 28.
Qc4 Qf6 29. O-O Rbd8 30. Rfd1 Kh8 31. Qe4 Rxd1+ 32. Rxd1 Rd8 33. Rd6 Rxd6 34.
cxd6 Nf8 35. Qe7 Qf5 36. Nd4 Qc8 37. Qf6+ Kg8 38. Nf5 1-0

[Event "2nd Gideon Japhet Mem Op"]
[Site "Jerusalem ISR"]
[Date "2014.07.24"]
[Round "9.12"]
[White "Calabrese, Gabriel"]
[Black "Gukhvat, Peter"]
[Result "0-1"]
[WhiteElo "2049"]
[BlackElo "2255"]
[WhiteFideId "2802350"]
[BlackFideId "2805090"]
[EventDate "2014.07.16"]

1. e4 g6 2. d4 Bg7 3. Nc3 c6 4. Be3 d5 5. Qd2 dxe4 6. Nxe4 Nd7 7. Be2 Ngf6 8.
Ng3 h5 9. h4 Nb6 10. Nf3 Ng4 11. Bg5 Be6 12. Ne4 f6 13. Nc5 Bd5 14. Bf4 e5 15.
dxe5 Qe7 16. Nd3 O-O-O 17. Qa5 fxe5 18. Bg3 e4 19. O-O-O exd3 20. Bxd3 Qf6 21.
Nd4 Bh6+ 22. Kb1 Bf4 23. Bf5+ gxf5 24. Bxf4 Bxa2+ 25. Qxa2 Rxd4 26. Bg5 Rxd1+
27. Rxd1 Qe5 28. Qxa7 Qe2 29. Rd4 Qf1+ 30. Ka2 Qa6+ 31. Qxa6 bxa6 32. f3 Ne5 33.
Rd6 Kc7 34. Rf6 Nd5 35. Rxf5 Nc4 36. Bc1 Nce3 37. Rf7+ Kb6 38. g4 hxg4 39. fxg4
Rxh4 40. g5 Rg4 41. c3 Rg1 42. Kb1 Kb5 43. Rb7+ Kc5 44. Ra7 Nf4 45. Re7 Ned5 46.
Kc2 Rxc1+ 0-1

[Event "2nd Gideon Japhet Mem Op"]
[Site "Jerusalem ISR"]
[Date "2014.07.24"]
[Round "9.13"]
[White "Grinberg, Eyal"]
[Black "Kerner, Michael"]
[Result "1-0"]
[WhiteElo "2201"]
[BlackElo "2034"]
[WhiteFideId "2806070"]
[BlackFideId "2814064"]
[EventDate "2014.07.16"]

1. e4 c5 2. Nf3 Nc6 3. d4 cxd4 4. Nxd4 g6 5. c4 Bg7 6. Be3 Nf6 7. Nc3 Ng4 8.
Qxg4 Nxd4 9. Qd1 Ne6 10. Qd2 Qa5 11. Rc1 b6 12. Be2 Bb7 13. f3 g5 14. O-O Qe5
15. Rfd1 d6 16. Qc2 O-O 17. Nd5 Bxd5 18. cxd5 Nf4 19. Ba6 Qxb2 20. Qxb2 Bxb2 21.
Rc7 h6 22. Rb1 Ba3 23. Rb3 Bc5 24. Bxc5 dxc5 25. Rxe7 Ng6 26. Rc7 Rfe8 27. Ra3
Re7 28. d6 Re6 29. d7 Rf8 30. Rd3 1-0

[Event "2nd Gideon Japhet Mem Op"]
[Site "Jerusalem ISR"]
[Date "2014.07.24"]
[Round "9.14"]
[White "Erenberg, Ariel"]
[Black "Kali, Omer"]
[Result "1-0"]
[WhiteElo "2131"]
[BlackElo "2025"]
[WhiteFideId "2811634"]
[BlackFideId "2812436"]
[EventDate "2014.07.16"]

1. d4 Nf6 2. c4 e6 3. Nf3 b6 4. g3 Bb7 5. Bg2 g6 6. O-O Bg7 7. b3 O-O 8. Bb2 d5
9. e3 Ne4 10. Nbd2 Nxd2 11. Qxd2 dxc4 12. bxc4 Na6 13. Rad1 Qe7 14. Rfe1 Rfd8
15. e4 e5 16. d5 f6 17. Nh4 Qb4 18. Qe2 Nc5 19. Ba1 Ba6 20. Bf1 Nb7 21. Rc1 c6
22. dxc6 Nc5 23. Red1 Rdc8 24. Ng2 Qa4 25. Ne3 Qxc6 26. Nd5 Qe6 27. h4 Rab8 28.
Kh2 Qf7 29. Qe3 Rd8 30. Bh3 Bc8 31. Bg2 Bb7 32. Bb2 Ne6 33. Bh3 Nc5 34. Ba3 Bf8
35. Qf3 Kg7 36. h5 Bxd5 37. cxd5 Bd6 38. Bxc5 bxc5 39. Be6 Qc7 40. Kg2 Qe7 41.
hxg6 hxg6 42. Rh1 Rh8 43. Qg4 Qc7 44. Bf5 g5 45. Qe2 Qa5 46. Rh5 Rb2 47. Qxb2
Rxh5 48. Rb1 Qb4 49. Qe2 Rh2+ 50. Kxh2 Qxb1 51. Qh5 Qb6 52. Qh7+ Kf8 53. Bg6 1-0

[Event "2nd Gideon Japhet Mem Op"]
[Site "Jerusalem ISR"]
[Date "2014.07.24"]
[Round "9.15"]
[White "Ritvo, Dan"]
[Black "Zlatin, Alexander"]
[Result "0-1"]
[WhiteElo "1877"]
[BlackElo "1933"]
[WhiteFideId "2815150"]
[BlackFideId "2810549"]
[EventDate "2014.07.16"]

1. c4 e6 2. g3 Nf6 3. Bg2 d5 4. cxd5 exd5 5. Nf3 Be7 6. O-O O-O 7. d4 b6 8. Nc3
Bb7 9. e3 Nbd7 10. Qc2 c5 11. Rd1 Qc7 12. dxc5 bxc5 13. Ng5 h6 14. Nh3 d4 15.
Ne4 Nxe4 16. Bxe4 Ne5 17. exd4 Nf3+ 18. Kg2 Bxe4 19. Qxe4 Nxd4 20. Nf4 Bd6 21.
Nd5 Qd8 22. Ne3 Re8 23. Qg4 Qc7 24. Nf5 Qc6+ 25. Kh3 Nxf5 26. Qxf5 Re5 27. Qg4
h5 28. Qh4 Be7 29. Qc4 g5 30. Bxg5 Rxg5 31. Re1 Bf6 32. Rad1 Qf3 33. Qa6 Rg4 0-1

[Event "2nd Gideon Japhet Mem Op"]
[Site "Jerusalem ISR"]
[Date "2014.07.24"]
[Round "9.16"]
[White "Vaisberg, Michael"]
[Black "Shimonovich, Yoav"]
[Result "1-0"]
[WhiteElo "2122"]
[BlackElo "2102"]
[WhiteFideId "2814315"]
[BlackFideId "2809702"]
[EventDate "2014.07.16"]

1. d4 Nf6 2. Nf3 g6 3. c4 Bg7 4. g3 O-O 5. Bg2 d6 6. O-O Nbd7 7. Nc3 e5 8. e4 a6
9. Qc2 exd4 10. Nxd4 Re8 11. Rd1 Rb8 12. h3 c5 13. Nde2 Qc7 14. a4 Ne5 15. b3 b6
16. Bg5 Bb7 17. Qd2 Rbd8 18. Nf4 Qb8 19. Nfd5 Bxd5 20. Nxd5 Ned7 21. Rab1 Nxd5
22. Bxd8 Nc3 23. Bg5 Nxb1 24. Rxb1 Bd4 25. Kh2 Ne5 26. f4 Nc6 27. e5 Qc7 28.
exd6 Qxd6 29. f5 Nb4 30. Rf1 Qe5 31. fxg6 hxg6 32. h4 Qe2 33. Qf4 Qe6 34. Bf6
Nd3 35. Qg5 Bxf6 36. Rxf6 Qe5 37. Qxe5 Rxe5 38. Bd5 Re2+ 39. Kh3 Nf2+ 40. Kg2
Ne4+ 41. Kf1 Nxf6 42. Kxe2 Kf8 43. Bb7 a5 44. Kf3 Ke7 45. g4 Kd6 46. Kf4 Ke7 47.
Bf3 Ke6 48. Kg5 Ke5 49. Bd5 1-0

[Event "2nd Gideon Japhet Mem Op"]
[Site "Jerusalem ISR"]
[Date "2014.07.24"]
[Round "9.17"]
[White "Kraus, Yair"]
[Black "Slonimskij, Arkadij"]
[Result "0-1"]
[WhiteElo "2102"]
[BlackElo "2207"]
[WhiteFideId "2804786"]
[BlackFideId "4113420"]
[EventDate "2014.07.16"]

1. d4 g6 2. e4 Bg7 3. Nc3 c5 4. dxc5 Qa5 5. Bd2 Qxc5 6. Nd5 a6 7. Nf3 b5 8. Be3
Qc6 9. Nb6 Bxb2 10. Nxa8 Bc3+ 11. Nd2 Qxa8 12. Rb1 Qxe4 13. Rb3 Qc6 14. Be2 Nf6
15. O-O d5 16. a4 b4 17. Nb1 Be5 18. Rxb4 Bxh2+ 19. Kh1 Bd6 20. Rh4 e5 21. c4 d4
22. Bg5 Nbd7 23. Nd2 Be7 24. Bf3 Qe6 25. Qb1 O-O 26. Re1 Qd6 27. g3 Nc5 28. g4
e4 29. Bh6 Rd8 30. Be2 Nxa4 31. g5 Nc3 32. Qa1 Bb7 33. gxf6 Bxf6 34. c5 Qe7 35.
Rf4 Be5 36. c6 Bxf4 37. Bxf4 Qh4+ 38. Bh2 Bxc6 39. Kg1 Qg5+ 0-1

[Event "2nd Gideon Japhet Mem Op"]
[Site "Jerusalem ISR"]
[Date "2014.07.24"]
[Round "9.18"]
[White "Gal, Moshe"]
[Black "Altshul, Limor"]
[Result "1-0"]
[WhiteElo "2192"]
[BlackElo "1918"]
[WhiteFideId "2815630"]
[BlackFideId "2812550"]
[EventDate "2014.07.16"]

1. e4 c5 2. Nf3 d6 3. d4 cxd4 4. Nxd4 Nf6 5. f3 a6 6. c4 e5 7. Nc2 Nxe4 8. fxe4
Qh4+ 9. Kd2 g6 10. Qe1 Bh6+ 11. Kd1 Bg4+ 12. Be2 Bxe2+ 13. Qxe2 Bg7 14. Nc3 Nc6
15. g3 Qh3 16. Ne3 Qd7 17. Qg4 Qd8 18. Rf1 h5 19. Qf3 O-O 20. Nc2 b5 21. cxb5
axb5 22. Nxb5 d5 23. exd5 f5 24. d6 e4 25. Qb3+ Kh7 26. Bf4 g5 27. Be3 Na5 28.
Qd5 Bxb2 29. Rb1 Bf6 30. Rxf5 1-0